Library Banner

Authoritarianism and underdevelopment in Pakistan 1947-1958 (Record no. 42209)

MARC details
000 -LEADER
fixed length control field 00522nam a2200181Ia 4500
001 - CONTROL NUMBER
control field 44216
008 - FIXED-LENGTH DATA ELEMENTS--GENERAL INFORMATION
fixed length control field 140428s9999 xx 000 0 und d
020 ## - INTERNATIONAL STANDARD BOOK NUMBER
International Standard Book Number 9780195477030
040 ## - CATALOGING SOURCE
Transcribing agency PK-LaUMT
082 ## - DEWEY DECIMAL CLASSIFICATION NUMBER
Classification number 320.954914
Item number LUB-A
100 ## - MAIN ENTRY--PERSONAL NAME
Personal name Lubna Saif
245 ## - TITLE STATEMENT
Title Authoritarianism and underdevelopment in Pakistan 1947-1958
Remainder of title the role of the Punjab
Statement of responsibility, etc Lubna Saif
260 ## - PUBLICATION, DISTRIBUTION, ETC. (IMPRINT)
Place of publication, distribution, etc Oxford,USA:
Name of publisher, distributor, etc Oxford University Press,
Date of publication, distribution, etc 2010
300 ## - PHYSICAL DESCRIPTION
Extent 262 p.
546 ## - LANGUAGE NOTE
Language note EN
650 ## - SUBJECT ADDED ENTRY--TOPICAL TERM
Topical term or geographic name as entry element Pakistan-Economic development
942 ## - ADDED ENTRY ELEMENTS (KOHA)
Koha item type Books
Holdings
Withdrawn status Lost status Damaged status Not for loan Home library Current library Date acquired Total Checkouts Full call number Barcode Checked out Date last seen Date checked out Price effective from Koha item type
        UMT Main Campus UMT Main Campus 2014-04-28 1 320.954914 LUB-A 47795 2020-02-16 2019-10-19 2019-10-19 2014-05-06 Books